Novo Dicionário Português / Francês (Registo nº 103)
[ vista simples ]
| 000 -Etiqueta do registo | |
|---|---|
| Cabeçalho | 00718nam0a22002891 4500 |
| 005 - Identificador da versão | |
| Campo de controlo | 20240813121754.0 |
| 021 ## - Número do Depósito Legal | |
| Código do país | PT |
| 035 ## - Other System Control Numbers | |
| System Control Number | 0000111 |
| System Control Number | 0000111 |
| System Control Number | 0000111 |
| System Control Number | 0000107 |
| 100 ## - Dados gerais de processamento | |
| Dados gerais de processamento | 20041109d m e0pory5003 ba |
| 102 ## - Pais de publicação ou produção | |
| País de publicação | Portugal |
| 101 0# - Língua de publicação | |
| Língua do texto, banda sonora, etc. | Português |
| Língua do documento no original | Português |
| 106 ## - Campo de dados codificados: material textual | |
| Dados codificados do material textual | r |
| 105 ## - Campo de dados codificados: livros | |
| Dados codificados dos livros | y z 001yy |
| 215 ## - Descrição física | |
| Indicação específica da natureza do documento e extensão da espécie | p. 1021 |
| Dimensões | 21 cm. |
| 200 1# - Titulo e menção de responsabilidade | |
| Título próprio | Novo Dicionário Português / Francês |
| Primeira menção de responsabilidade | José Inácio Roquete |
| Indicação de volume | 1 e 2 |
| 210 ## - Publicação, Distribuição, etc. | |
| Lugar da edição, distribuição, etc. | Amadora |
| Nome do editor, distribuidor, etc. | Sistema J |
| 675 ## - Classificação Decimal Universal (CDU) | |
| Notação | 811.134.3(679) (075) |
| Edição | BN |
| Língua da edição | por |
| 700 #1 - Nome de autor-pessoa física (responsabilidade principal) | |
| Número de registo de entrada de autoridade | 0000189 |
| Palavra de ordem | Roquete |
| Outra parte do nome não tomada para palavra de ordem | José Inácio |
| Datas | 1801-1870 |
| 942 ## - Elementos de entrada adicionados (Koha) | |
| Tipo de item no Koha | Livro |
| Situação do levantamento | Origin of item (home branch) (coded) | Biblioteca de empréstimo | Código de barras | Cota | Circulation type (not for loan) | Tipo de documento | Nota do exemplar | Damaged status |
|---|---|---|---|---|---|---|---|---|
| Biblioteca Escolar Eng. Nuno Mergulhão | Biblioteca Escolar Eng. Nuno Mergulhão | BENM235 | 811 DIC | Cativo | Sem mensagem | |||
| Biblioteca Escolar Eng. Nuno Mergulhão | Biblioteca Escolar Eng. Nuno Mergulhão | BENM236 | 0DIC | Cativo | Sem mensagem |
